| 000 | 00472nam a22001817a 4500 | ||
|---|---|---|---|
| 003 | NUST - PNEC | ||
| 005 | 20170116180919.0 | ||
| 008 | 150904b xxu||||| |||| 00| 0 eng d | ||
| 020 | _a0070660875 | ||
| 040 | _cLIBRARY | ||
| 082 | _a534.23 URI | ||
| 100 |
_97631 _aUrick, Robert J. |
||
| 245 |
_aPrinciples of underwater sound for engineers _cRobert J. Urick |
||
| 250 | _a3rd ed. | ||
| 260 | _cc.1983 | ||
| 650 |
_97634 _aUnderwater acoustics _xME |
||
| 942 |
_2ddc _cBK |
||
| 999 |
_c65551 _d65551 |
||